Výskumná úloha VEGA č. 1/3800/06: Aktuárske modely v životnom poistení v podmienkach poistného trhu Slovenskej republiky po vstupe do Európskej únie
Salvato in:
| Autore principale: | |
|---|---|
| Natura: | Libro |
| Lingua: | slovacco |
| Pubblicazione: |
Bratislava
[Katedra matematiky FHI EU]
2006
|
| Soggetti: | |
| Tags: |
Nessun Tag, puoi essere il primo ad aggiungerne!!
|
MARC
| LEADER | 00000nam$a2200000$$$4500 | ||
|---|---|---|---|
| 001 | 0111654 | ||
| 005 | 20240502072233.7 | ||
| 041 | 0 | |a slo | |
| 044 | |a SK | ||
| 245 | 1 | 0 | |a Výskumná úloha VEGA č. 1/3800/06: Aktuárske modely v životnom poistení v podmienkach poistného trhu Slovenskej republiky po vstupe do Európskej únie |c vedúca projektu Katarína Sakálová |
| 264 | 1 | |a Bratislava |b [Katedra matematiky FHI EU] |c 2006 | |
| 610 | 2 | 0 | |a poistenie životné |
| 610 | 2 | 0 | |a aktuári |
| 610 | 2 | 0 | |a metódy aktuárske |
| 610 | 2 | 0 | |a trh poistný |
| 610 | 2 | 0 | |a Slovensko |
| 610 | 2 | 0 | |a Európska únia |
| 100 | 1 | |a Sakálová, Katarína, 1955- | |